Všetku moc do rúk ľudu! politický vývoj na Slovensku po februári 1948

Bibliographic Details
Main Author: Černák, Tomáš, 1984- (Author)
Format: Book
Language:Slovak
PhysicalDescription:148 strán fotografie, portréty 25 cm
Published: Bratislava Ústav pamäti národa 2021
ISBN:9788089335954
Edition:1. vydanie
Series:Monografie
Subjects:

MARC

LEADER 00000cam a2200000 4500
001 vtls012132108
003 SK-MaSNL
005 20260311123040.0
008 220425s2021 xo oc grni 000 0 slo
015 |a SNBA2022/09 
020 |a 9788089335954  |q (viazané) 
040 |a SNK  |b slo  |c SNK  |e rda 
041 0 |a slo  |b eng 
043 |a e-cs--- 
044 |a xo  |c SK 
072 7 |a 94(437)  |x Dejiny Československa  |2 konspekt 
072 7 |a 323  |x Vnútropolitický vývoj, politický život  |2 konspekt 
080 |a 323.28  |2 2011 
080 |a 324  |2 2011 
080 |a 94(437)"1948"  |2 2011 
080 |a 32(091)  |2 2011 
080 |a (437)  |2 2011 
080 |a (048.8)  |2 2011 
100 1 |a Černák, Tomáš,  |d 1984-  |4 aut  |9 168200 
245 1 0 |a Všetku moc do rúk ľudu!  |b politický vývoj na Slovensku po februári 1948  |c Tomáš Černák 
246 3 0 |a Politický vývoj na Slovensku po februári 1948 
250 |a 1. vydanie 
264 1 |a Bratislava  |b Ústav pamäti národa  |c 2021 
300 |a 148 strán  |b fotografie, portréty  |c 25 cm 
336 |a text  |b txt  |2 rdacontent 
337 |a bez média  |b n  |2 rdamedia 
338 |a zväzok  |b nc  |2 rdacarrier 
490 1 |a Monografie 
504 |a Obsahuje bibliografiu, bibliografické odkazy, register 
546 |a Anglické resumé 
610 7 |a Komunistická strana Československa  |2 SNKKA  |9 32256 
648 7 |a 1948-  |2 SNKPH  |9 282113 
650 0 7 |a Február (1948 : Československo)  |2 SNKPH  |9 83931 
650 0 7 |a politické čistky  |2 SNKPH  |9 4764 
650 0 7 |a politické dejiny  |2 SNKPH  |9 69271 
650 0 7 |a voľby  |2 SNKPH  |9 1580 
650 0 7 |a Coup d'état (1948 : Czechoslovakia)  |2 SNKPHeng  |9 181561 
650 0 7 |a Political purges  |2 SNKPHeng  |9 333374 
650 0 7 |a Political history  |2 SNKPHeng  |9 277990 
650 0 7 |a Elections  |2 SNKPHeng  |9 313314 
651 7 |a Československo  |2 SNKPHgeo  |9 21376 
651 7 |a Czechoslovakia  |2 SNKPHeng  |9 265183 
655 7 |a monografie  |2 SNKPH  |9 70139 
655 7 |a Monographs  |2 SNKPHeng  |9 120675 
830 0 |a Monografie  |9 291670 
919 |a 978-80-89335-95-4 
954 |a odborná, vedecká literatúra pôvodná (slovenská)  |2 lita 
958 |a NB 
999 |c 613409  |d 615339 
952 |a SNK  |b SNK  |y PREZ  |7 0  |p 17A1483882  |o snkSC 197799  |i snk2022/9206  |8 0  |0 0  |1 0  |4 0  |d 2022-06-07  |f 1  |l 0  |r 2025-10-20 00:00:00  |w 2026-02-23 
952 |a SNK  |b SNK  |y VYP  |7 0  |p 17A1483883  |o snkSC 197799 D1  |i snk2022/9207  |8 0  |0 0  |1 0  |4 0  |d 2022-06-07  |l 0  |r 2026-02-23 16:30:09  |w 2026-02-23 
952 |t snkCER 323.28(437)  |a SNKUST  |b SNKUST  |y PREZ  |7 0  |p 17A1483918  |o snkSC 197799 D2  |i snk2022/9208  |8 0  |0 0  |1 0  |4 0  |d 2022-06-07  |l 0  |r 2025-04-30 00:00:00  |w 2026-02-23